Los densos tejidos de lo simbólico en las relaciones entre cultura y desarrollo /
El siguiente artículo tiene como objetivo analizar las intrincadas relaciones entre el desarrollo y la cultura. Pretende reconceptualizar críticamente al desarrollo, para despojarlo de su connotación "desarrollista, y mostrarlo como un espacio que implica participación en la cultura, promoción...
Gorde:
| Egile nagusia: | |
|---|---|
| Formatua: | Texto |
| Gaiak: | |
| Etiketak: |
Etiketa erantsi
Etiketarik gabe, Izan zaitez lehena erregistro honi etiketa jartzen!
|
MARC
| LEADER | 00000 a a2200000 04500 | ||
|---|---|---|---|
| 001 | 44474 | ||
| 003 | |||
| 040 | |||
| 100 | |a Rey, Germán | ||
| 245 | |a Los densos tejidos de lo simbólico en las relaciones entre cultura y desarrollo / |c Germán Rey | ||
| 520 | |a El siguiente artículo tiene como objetivo analizar las intrincadas relaciones entre el desarrollo y la cultura. Pretende reconceptualizar críticamente al desarrollo, para despojarlo de su connotación "desarrollista, y mostrarlo como un espacio que implica participación en la cultura, promoción de la diversidad y capacidad de enfrentar los riesgos de la mundialización de la cultura. | ||
| 590 | |a RRH/JULIO2013 | ||
| 650 | |a 1.DESARROLLO ECONOMICO Y SOCIAL | ||
| 650 | |a 2.CULTURA | ||
| 650 | |a 3.IDENTIDAD | ||
| 650 | |a 4.DESIGUALDAD SOCIAL | ||
| 650 | |a 5.AMERICA LATINA | ||
| 773 | |g páginas 157-174 | ||
| 999 | |c 32817 |d 32817 | ||
